Šanca, ktorá sa nezopakuje...
Nahradenie obmedzeného dovozu nealkoholických nápojov domácou slovenskou produkciou. Kapacity, sortiment, kvalita domácich výrobkov. Priestor pre domácich výrobcov po obmedzení dovozu nealkoholických nápojov na Slovensko na 450 000 hektolitrov ročne. Problémy v niektorých podnikoch.
Gespeichert in:
| 1. Verfasser: | |
|---|---|
| Format: | Buchkapitel |
| Sprache: | Slowakisch |
| Schlagworte: | |
| Tags: |
Keine Tags, Fügen Sie das erste Tag hinzu!
|
MARC
| LEADER | 00000naa a2200000 4500 | ||
|---|---|---|---|
| 001 | r026296 | ||
| 005 | 20230824090337.2 | ||
| 041 | 0 | |a slo | |
| 044 | |a SK | ||
| 245 | 1 | 0 | |a Šanca, ktorá sa nezopakuje... |c P. Višváder |
| 520 | |a Nahradenie obmedzeného dovozu nealkoholických nápojov domácou slovenskou produkciou. Kapacity, sortiment, kvalita domácich výrobkov. Priestor pre domácich výrobcov po obmedzení dovozu nealkoholických nápojov na Slovensko na 450 000 hektolitrov ročne. Problémy v niektorých podnikoch. | ||
| 610 | 2 | 0 | |a Slovensko |
| 610 | 2 | 0 | |a 1997 |
| 610 | 2 | 0 | |a nápoje nealkoholické |
| 610 | 2 | 0 | |a dovoz |
| 610 | 2 | 0 | |a obmedzenia dovozné |
| 100 | 1 | |a Višváder, P. | |